000 01201nam a2200337 i 4500
003 EG-GICUC
005 20260204180359.0
008 260107s1997 ua |||fr|||| 00| 0 ara d
017 _a5039/96
020 _a9771907034
040 _a EG-GICUC
_bara
_c EG-GICUC
_d EG-GICUC
_erda
041 0 _aAra
082 0 4 _221
_a343.712
_bأ س . ع
092 0 4 _221
099 _aLaw1 10 343.712 أ س . ع 1997
100 0 _aأسامة عبدالله قايد
_eمؤلف.
245 1 2 _aالعقوبة فى الشريعة الإسلامية وأنظمة الوضعية
_cتأليف الدكتور أسامة عبدالله قايد.
250 _aالطبعة الثانية
264 1 _aالقاهرة :
_bدار النهضة العربية،
_c1997.
300 _a89 صفحة؛
_c24 سم.
336 _2rda content
_atext
337 _2rda media
_aComputer
338 _2rda carrier
_aOnline Resource
546 _aالنص باللغة العربية
650 1 _aتسريع العقاب
_2qrmak
650 1 _aالقانون الجنائى
_2qrmak
651 1 _2qrmak
856 4 0 _uhttps://fll.law.cu.edu.eg/fulltext/bks/B10-07484.pdf
905 _a54
_eYara
942 _2ddc
_cBK
_e21
_n0
999 _c55456
_d55456